Géopolitique : Méthodes et concepts (notice n° 1566702)

détails MARC
000 -LEADER
fixed length control field 01192cam a2200133 4500500
005 - DATE AND TIME OF LATEST TRANSACTION
control field 20251214002039.0
041 ## - LANGUAGE CODE
Language code of text/sound track or separate title fre
042 ## - AUTHENTICATION CODE
Authentication code dc
100 10 - MAIN ENTRY--PERSONAL NAME
Personal name Loyer, Barbara
Relator term author
245 00 - TITLE STATEMENT
Title Géopolitique : Méthodes et concepts
260 ## - PUBLICATION, DISTRIBUTION, ETC.
Name of publisher, distributor, etc. Armand Colin,<br/>
Date of publication, distribution, etc. 2024.<br/>
520 ## - SUMMARY, ETC.
Summary, etc. Le terme de « géopolitique », s’il est employé dans toutes les disciplines, désigne avant tout un savoir géographique. Ce dernier s’intéresse aux causes  des conflits et rivalités de pouvoir sur des territoires,  à leurs évolutions et à leur résolution. Son champ d’étude, très singulier puisqu’il inclut des réalités à la fois objectives et subjectives, requiert donc une méthodologie précise. Cet ouvrage propose l’ensemble des concepts, outils et méthodes à maîtriser pour mener des analyses géopolitiques fines et efficaces. Assorti de nombreux exemples et études de cas, traités à différentes échelles, il constitue  une véritable initiation au raisonnement géopolitique, grille de lecture désormais incontournable de nos sociétés contemporaines. 
856 41 - ELECTRONIC LOCATION AND ACCESS
Uniform Resource Identifier <a href="https://shs.cairn.info/geopolitique--9782200637705?lang=fr&redirect-ssocas=7080">https://shs.cairn.info/geopolitique--9782200637705?lang=fr&redirect-ssocas=7080</a>

Pas d'exemplaire disponible.

PLUDOC

PLUDOC est la plateforme unique et centralisée de gestion des bibliothèques physiques et numériques de Guinée administré par le CEDUST. Elle est la plus grande base de données de ressources documentaires pour les Étudiants, Enseignants chercheurs et Chercheurs de Guinée.

Adresse

627 919 101/664 919 101

25 boulevard du commerce
Kaloum, Conakry, Guinée

Réseaux sociaux

Powered by Netsen Group @ 2025